[Event "SVK-ch Amateurs"]
[Site "Liptovsky Jan"]
[Date "2023.06.18"]
[Round "7"]
[White "Cervenka, Robert"]
[Black "Huk, Robert"]
[Result "0-1"]
[WhiteElo "1000"]
[BlackElo "1345"]
[PlyCount "56"]
[EventDate "2023.06.15"]
[EventType "swiss"]
[EventRounds "8"]
[EventCountry "SVK"]
[SourceTitle "CBM 214 Extra"]
[Source "ChessBase"]
[SourceDate "2023.07.31"]
[SourceVersion "1"]
[SourceVersionDate "2023.07.31"]
[SourceQuality "1"]

1. d4 Nf6 2. c4 g6 3. Nc3 Bg7 4. e4 d6 5. f3 0-0 6. Be3 Nbd7 7. Qd2 e5 8. d5 b6 9. 0-0-0 Nc5 10. Bh6 Re8 11. h4 a5 12. Bxg7 Kxg7 13. g4 h5 14. Qg5 a4 15. Rh2 hxg4 16. h5 Rh8 17. h6+ Kh7 18. Bd3 Rg8 19. Nge2 Nh5 20. Qe3 Qe7 21. f4 g3 22. Nxg3 exf4 23. Qf3 fxg3 24. Rxh5 Nxd3+ 25. Qxd3 gxh5 26. e5+ Rg6 27. Ne4 Qxe5 28. Rf1 Bf5 0-1